क्रांतिकारी किशोर / (Record no. 120155)

MARC details
000 -LEADER
fixed length control field 01219nam a22002657a 4500
005 - DATE AND TIME OF LATEST TRANSACTION
control field 20170124103153.0
010 ## - LIBRARY OF CONGRESS CONTROL NUMBER
LC control number B-157916
020 ## - INTERNATIONAL STANDARD BOOK NUMBER
Terms of availability 175.00
International Standard Book Number 817721036
035 ## - SYSTEM CONTROL NUMBER
System control number B-157916
037 ## - SOURCE OF ACQUISITION
Source of stock number/acquisition Cen Lib/Ret
040 ## - CATALOGING SOURCE
Original cataloging agency DPL
Language of cataloging HN
082 ## - DEWEY DECIMAL CLASSIFICATION NUMBER
Classification number 954.0841
Item number व्होराआ
100 ## - MAIN ENTRY--PERSONAL NAME
Personal name व्होरा, आशारानी
9 (RLIN) 88804
245 ## - TITLE STATEMENT
Title क्रांतिकारी किशोर /
Statement of responsibility, etc आशारानी व्होरा
246 ## - VARYING FORM OF TITLE
Title proper/short title Krantikari kishore /
Remainder of title by Asha Rani Vohra
260 ## - PUBLICATION, DISTRIBUTION, ETC. (IMPRINT)
Place of publication, distribution, etc दिल्ली
Name of publisher, distributor, etc सत्साहित्य प्रकाशन
Date of publication, distribution, etc 2004
270 ## - ADDRESS
Address 204-बी चावड़ी बाज़ार
City दिल्ली
Postal code 110006
300 ## - PHYSICAL DESCRIPTION
Extent 124पृ.
Dimensions 21सेमी(सजिल्द)
500 ## - GENERAL NOTE
General note अनुक्रमणिका शामिल
650 ## - SUBJECT ADDED ENTRY--TOPICAL TERM
Topical term or geographic name as entry element क्रन्तिकारी आन्दोलन
9 (RLIN) 6490
650 ## - SUBJECT ADDED ENTRY--TOPICAL TERM
Topical term or geographic name as entry element क्रन्तिकारी आन्दोलन--आदिवासी देशभक्त
9 (RLIN) 88805
650 ## - SUBJECT ADDED ENTRY--TOPICAL TERM
Topical term or geographic name as entry element Revolutionary movement
9 (RLIN) 88806
650 ## - SUBJECT ADDED ENTRY--TOPICAL TERM
Topical term or geographic name as entry element Revolutionary movement--Tribal Patriots
9 (RLIN) 88807
942 ## - ADDED ENTRY ELEMENTS (KOHA)
Source of classification or shelving scheme Dewey Decimal Classification
Koha item type Hindi Books
Classification part 954.0841
Call number suffix व्होराआ
Holdings
Withdrawn status Lost status Damaged status Not for loan Home library Current library Date acquired Source of acquisition Cost, normal purchase price Total Checkouts Full call number Barcode Date last seen Copy number Cost, replacement price Price effective from Koha item type
        Central Library Central Library 21/09/2015 Cen Lib/Ret 175.00   954.0841 व्होराआ B-157916 21/09/2015 1 175.00 21/09/2015 Hindi Books
        Central Library Central Library 21/09/2015 Cen Lib/Ret 175.00   954.0841 व्होराआ B-082789 21/09/2015 2 175.00 21/09/2015 Hindi Books

© Delhi Public Library
Hit Counter
free hit counter